Movies Quiz

Random Movies or Famous Quiz
Score 0/24 Timer 06:00
10 Plays Today
% Correct
Titanic
99.5%
Jaws
97.5%
The Wizard of Oz
95.3%
Psycho
91.4%
The Godfather
86%
Alien
85.4%
Star Wars: Episode V - The Empire Strikes Back
85.2%
Pulp Fiction
84.3%
Casablanca
81%
Carrie
80%
Raiders of the Lost Ark
78%
Ben-Hur
73.2%
% Correct
A Clockwork Orange
67.9%
Basic Instinct
65.7%
Chariots of Fire
63.7%
2001: A Space Odyssey
57.6%
The Seven Year Itch
55.2%
Easy Rider
54.2%
North by Northwest
47.6%
Metropolis
38.5%
The Great Dictator
35.6%
A Hard Day's Night
32.9%
The Day the Earth Stood Still
32.6%
Safety Last!
7.9%
Remove Ads.
Support Sporcle.
Get the best of Sporcle when you Go Orange. This ad-free experience offers more features, more stats, and more fun while also helping to support Sporcle. Thank you for becoming a member.

You're not logged in!

Compare scores with friends on all Sporcle quizzes.
OR
Log In

Show Comments

Extras

Top Quizzes Today


Score Distribution

Your Account Isn't Verified!

In order to create a playlist on Sporcle, you need to verify the email address you used during registration. Go to your Sporcle Settings to finish the process.

Report this User

Report this user for behavior that violates our Community Guidelines.

Details: